000 01093nam a2200349 a 4500
001 0000428
003 DO-SdBPM
005 20251105083623.0
007 ta
008 091125s1996 sp a 000 0 spa d
020 _a8432981117
040 _aDO-SdBPM
_bspa
_cBPMSU
_erda
082 4 _a796.15
_bS335c 1996
_222
100 1 _a Shimmelpfenning, Wolfgang
_eautor
245 1 0 _aCometas /
_cWolfgang Schimmelpfenning
250 _a4a. ed.
260 _a
_b
_c
264 _aBarcelona :
_bEdiciones Ceac,
_c1996
300 _a31, páginas. (1 hoja plegable) :
_bilustraciones ;
_c19 cm.
_e
336 _atexto
_btxt
_2rdacontent
337 _asin mediación
_bn
_2rdamedia
338 _avolumen
_bnc
_2rdacarrier
490 0 _aHobby creativo
534 _pTítulo original.
_t Origineller bastelspass rund ums herz.
590 _aInventariado, 2025/VM
650 7 _a Cometas (Aeronáutica)
_xDiseño y construcción
650 7 _aTrabajos en papel
_x
650 7 _aPapel (Obras manuales)
654 _v
910 _a VMateo V. Control de calidad. BPMSU
942 _2ddc
_cBK
999 _c15490
_d15490